Las viviendas, las leyes y la actividad económica productiva (Registro nro. 27799)

Detalles MARC
000 -LEADER
fixed length control field 00348 a2200109 4500
001 - CONTROL NUMBER
control field ART_19568
005 - DATE AND TIME OF LATEST TRANSACTION
control field 20260410161922.0
008 - FIXED-LENGTH DATA ELEMENTS--GENERAL INFORMATION
fixed length control field 260409a
100 1# - MAIN ENTRY--PERSONAL NAME
Personal name Chalupowicz, Israel
245 10 - TITLE STATEMENT
Title Las viviendas, las leyes y la actividad económica productiva
773 0# - HOST ITEM ENTRY
Title La información
Related parts - Tomo XLI, Nº 606 (jun. 1980)
Record control number REV14902

No hay ítems disponibles.